Los museos de escultura egipcio y etrusco de la Ciudad del Vaticano / (Record no. 112998)

MARC details
000 -LEADER
campo de control de longitud fija 00920nam a2200229 4500
001 - NÚMERO DE CONTROL
campo de control 112998
003 - IDENTIFICADOR DE NÚMERO DE CONTROL
campo de control ES-MaACL
005 - FECHA Y HORA DE LA ÚLTIMA TRANSACCIÓN
campo de control 20250816045612.0
007 - CAMPO FIJO DE DESCRIPCIÓN FÍSICA--INFORMACIÓN GENERAL
campo de control de longitud fija t|
008 - DATOS DE LONGITUD FIJA--INFORMACIÓN GENERAL
campo de control de longitud fija 061121s1950 it r ||||1| spa d
245 04 - MENCIÓN DEL TÍTULO
Título Los museos de escultura egipcio y etrusco de la Ciudad del Vaticano /
Mención de responsabilidad, etc. texto revisado por la Dirección General de los Museos y de las Galerías Pontificias.
260 ## - PUBLICACIÓN, DISTRIBUCIÓN, ETC.
Lugar de publicación, distribución, etc. Roma :
Nombre del editor, distribuidor, etc. Ente provinciale per il turismo,
Fecha de publicación, distribución, etc. 1950.
300 ## - DESCRIPCIÓN FÍSICA
Extensión 32 p. :
Otras características físicas il. ;
Dimensiones 17 cm.
490 1# - MENCIÓN DE SERIE
Mención de serie Pequeña guía de los museos y de las galerías de Roma
650 #7 - PUNTO DE ACCESO ADICIONAL DE MATERIA--TÉRMINO DE MATERIA
Término de materia o nombre geográfico como elemento de entrada Escultura egipcia
Fuente del encabezamiento o término embne
9 (RLIN) 136051
650 #7 - PUNTO DE ACCESO ADICIONAL DE MATERIA--TÉRMINO DE MATERIA
Término de materia o nombre geográfico como elemento de entrada Escultura etrusca
Fuente del encabezamiento o término embne
9 (RLIN) 173296
650 ## - PUNTO DE ACCESO ADICIONAL DE MATERIA--TÉRMINO DE MATERIA
Término de materia o nombre geográfico como elemento de entrada Museos-
Subdivisión geográfica Ciudad del Vaticano.
9 (RLIN) 15365
710 2# - ENTRADA AGREGADA--NOMBRE DE ENTIDAD CORPORATIVA
Nombre de entidad corporativa o nombre de jurisdicción como elemento de entrada Ente provinciale per il turismo (Roma)
9 (RLIN) 3480
830 1# - PUNTO DE ACCESO ADICIONAL DE SERIE-TÍTULO UNIFORME
Título uniforme Pequeña guía de los museos y de las galerías de Roma
9 (RLIN) 181931
852 ## - LOCALIZACIÓN
Ubicación ES-MaACL
Número de control de estantería 1939-F-2
Holdings
Estatus retirado Estado de pérdida Estado de daño No para préstamo Colección Biblioteca de origen Biblioteca actual Ubicación en estantería Fecha de adquisición Fuente de adquisición Total de préstamos Signatura topográfica completa Código de barras Visto por última vez Precio de reemplazo Tipo de ítem Koha
        Colección de folletos Biblioteca del Ateneo de Madrid Biblioteca del Ateneo de Madrid Depósito folletos 17/01/2008     1939-F-2 1117866 23/02/2023 23/02/2023 Folleto